00378nam a2200145Ia 4500008004100000020001800041041000800059082001500067100001900082245003800101250001400139260004600153300001400199700001900213220530s9999 xx 000 0 und d a9788121925730 aeng a621.4bKHU aKhurmi, R. S. aA Textbook of Thermal Engineering a1 Edition aNew, DelhibS. Chand Publicationsc2014 a895P.bPB a Gupta, J. K.